| 000 | 00447nam a2200181Ia 4500 | ||
|---|---|---|---|
| 001 | 18594 | ||
| 005 | 20260306171642.0 | ||
| 008 | 260306s9999||||xx |||||||||||||| ||und|| | ||
| 041 | _aESP | ||
| 082 |
_a658.4092 _bC86A |
||
| 100 |
_aCovey, Stephen R. _eAUT |
||
| 245 | 0 |
_aEl 8º hábito: _bde la efectividad a la grandeza |
|
| 260 | _c2005 | ||
| 300 |
_a470 páginas : _c22 cm. |
||
| 650 | _aGEN | ||
| 654 | _aCAN | ||
| 942 |
_cLIB _dJUS _fJUS _2ddc _n |
||
| 999 |
_c18594 _d18594 |
||